000 00492nam a2200181Ia 4500
001 18075
005 20260306171604.0
008 260306s9999||||xx |||||||||||||| ||und||
041 _aESP
082 _a658.4
_bS56
100 _aSimon, Hermann
_eAUT
245 0 _aCampeones ocultos del siglo XXI:
_bestrategias de éxito de Líderes desconocidos del mercado mundial
260 _c2010
300 _a469 páginas :
_c25 cm.
650 _aGEN
654 _aCAN
942 _cLIB
_dJUS
_fJUS
_2ddc
_n
999 _c18075
_d18075